000 00916cam a2200241 a 4500
005 20260202163828.0
008 080731s2006 ug b 001 0 eng
020 _z9970832097
040 _aKABLIB
_cKABLIB
_erda
082 _223
_a323
_bWOM
245 0 0 _aWomen's rights and violence :
_bglobal challenges /
_ceditor, Flavia Munaaba.
260 _aKampala, Uganda :
_bDept. of Women and Gender Studies,
_cc2006.
300 _axxiii, 276 p. ;
_c21 cm.
490 0 _aGendered world series
504 _aIncludes bibliographical references (p. 271-273), index.
650 0 _aWomen
_xViolence against.
_915011
650 0 _aWomen
_xCrimes against.
_915012
650 0 _aWomen's rights.
700 1 _aMunaaba, Flavia.
_915013
710 2 _aMakerere University.
_bDepartment of Women & Gender Studies.
_910127
856 4 1 _3Table of contents only
_uhttp://www.loc.gov/catdir/toc/fy1002/2008346702.html
942 _2ddc
_cBOOK
999 _c5949
_d5949